| 000 | 01161nam0a22003011 4500 | ||
|---|---|---|---|
| 001 | rc\4952964 | ||
| 005 | 20250612213301.0 | ||
| 021 |
_aRU _b66-90849 |
||
| 021 |
_aRU _bРг1773-67 |
||
| 035 | _a(NLR Aleph) 008858710 | ||
| 090 |
_a8447253 _c8447253 |
||
| 100 | _a20130426d1965 |||y0rusy50 ca | ||
| 101 | 0 | _arus | |
| 102 | _aRU | ||
| 105 | _ay z ||||| | ||
| 200 | 1 | _aЯщур и меры ликвидации его | |
| 210 |
_aМинск _cБ. и. _d1965 |
||
| 215 |
_a[2], 16 с., включ. обл. _d20 |
||
| 225 | 1 | _aПравление общества "Знание" БССР. Научно-методический совет по пропаганде сельскохозяйственных знаний. Материал в помощь лектору | |
| 300 | _aОтпеч. множит. аппаратом | ||
| 300 | _aПеред загл. авт.: Р.В. Тузова, д-р вет. наук | ||
| 333 | _aНа правах рукописи | ||
| 700 | 1 |
_aТузова _bР.В. _gРаиса Владимировна |
|
| 801 | 0 |
_aRU _bNLR _gpsbo |
|
| 801 | 1 |
_aRU _bELAR _2rusmarc |
|
| 852 |
_aNLR _j67-4/3587 |
||
| 942 | _cBOOK | ||
| 980 | _aNB | ||